000 00488nam a2200193Ia 4500
008 210210b1906 xxu||||| |||| 00| 0 eng d
041 _aeng
082 _a535/2
100 _aALLANACH (William)
245 _aElementary experimental magnetism and electricity
260 _aLondon
_bLongman Green & Co Ltd.,
_c1906
300 _a265
650 _amagnetism
650 _aexperimental
650 _aElementary
650 _aelectricity
690 _aElectricity
906 _a008620
999 _c126582
_d126582